00986nam a22002415a 4500008004100000020001500041040002800056082002200084100004000106245006600146260005700212300002900269500002800298590002000326650003800346650002600384651001000410653002300420942002600443999001500469952013600484952012400620150826r2003 ii a|||fr|||| 000 0 eng d a8122410995 aEG-ScBuEbengcEG-ScBuE04a621.4022bKOT2221 aKothandaraman, C.P. 9477210aFundamentals of heat and mass transfer /cC.P. Kothandaraman. aNew Delhi:bNew Age International Publishers,c2003. a906 p. :bill. ;c20 cm. aReprint of the 2003 ed. ayassmeen ashraf 0aHeat --Transmission.2BUEsh94773 0aMass transfer.2BUEsh 2BUEsh bENGGENcAugust2015 cBBk621.4022 KOT2ddc c9546d9546 00102ddc4070aMAINbMAINc1STd2008-05-21ePurchasel2m13o621.4022 KOTp000011378r2025-07-15 00:00:00s2015-11-02v106.00yBB 00102ddc4070aMAINbMAINc1STd2015-08-26ePurchasel2o621.4022 KOTp000014882r2025-07-15 00:00:00s2015-11-26yBB